[Event "DSOL 05 Liga Gr-B 1st"]
[Site "Playchess.com INT"]
[Date "2020.07.31"]
[Round "6.4"]
[White "Binder, Kurt"]
[Black "Wagner, Guenter"]
[Result "1-0"]
[WhiteElo "1361"]
[BlackElo "1599"]
[PlyCount "73"]
[EventDate "2020.06.22"]
[EventType "team-tourn (rapid)"]
[EventCountry "GER"]
[SourceTitle "EXT 2021"]
[Source "ChessBase"]
[SourceDate "2020.10.23"]
[SourceVersion "1"]
[SourceVersionDate "2020.10.23"]
[SourceQuality "1"]
[WhiteTeam "Ingolstadt"]
[BlackTeam "Gross Gerau"]
[WhiteTeamCountry "GER"]
[BlackTeamCountry "GER"]

1. e4 d6 2. d4 Nf6 3. Nc3 e5 4. dxe5 dxe5 5. Qxd8+ Kxd8 6. Bg5 Be6 7. 0-0-0+ Nbd7 8. f4 exf4 9. e5 h6 10. Bh4 g5 11. Bxg5 hxg5 12. exf6 c6 13. Nf3 Rg8 14. h4 gxh4 15. Ne5 Bh6 16. Rxd7+ Bxd7 17. Nxf7+ Kc7 18. Nxh6 Rg6 19. Rxh4 Rxf6 20. Ng4 Re6 21. Bc4 Re1+ 22. Kd2 Rg1 23. Nf2 Rd8 24. Ke2 Rxg2 25. Kf3 Rg1 26. Rxf4 b5 27. Bf7 Rc1 28. Bb3 a5 29. Nd3 Rf1+ 30. Ke4 Re8+ 31. Kd4 Rh1 32. a4 b4 33. Ne4 Rhh8 34. Ne5 Bc8 35. Rf7+ Kb6 36. Nc4+ Ka6 37. Nc5# 1-0

[Event "DSOL 05 Liga Gr-B 1st"]
[Site "Playchess.com INT"]
[Date "2020.07.10"]
[Round "3.3"]
[White "Binder, Kurt"]
[Black "Hasenfuerter, Kevin"]
[Result "1-0"]
[WhiteElo "1361"]
[BlackElo "1374"]
[PlyCount "65"]
[EventDate "2020.06.22"]
[EventType "team-tourn (rapid)"]
[EventCountry "GER"]
[SourceTitle "EXT 2021"]
[Source "ChessBase"]
[SourceDate "2020.10.23"]
[SourceVersion "1"]
[SourceVersionDate "2020.10.23"]
[SourceQuality "1"]
[WhiteTeam "Ingolstadt"]
[BlackTeam "Erbendorf"]
[WhiteTeamCountry "GER"]
[BlackTeamCountry "GER"]

1. Nf3 d5 2. d4 Nf6 3. c4 Bg4 4. cxd5 Bxf3 5. exf3 Nxd5 6. Qb3 e6 7. Qxb7 Nd7 8. Nc3 Bb4 9. Bd2 Bxc3 10. bxc3 0-0 11. c4 N5f6 12. Ba5 Nb6 13. Rd1 Re8 14. Bd3 Qxd4 15. Bxh7+ Nxh7 16. Rxd4 Red8 17. Rxd8+ Rxd8 18. c5 Nc4 19. Bxc7 Rd5 20. Qb8+ Nf8 21. Bd6 Nxd6 22. cxd6 a5 23. 0-0 g6 24. h3 Kg7 25. Rc1 Nd7 26. Qc7 Ne5 27. Qc3 f6 28. Qc7+ Kh6 29. Qe7 Nd3 30. Rc7 Nf4 31. h4 Rd1+ 32. Kh2 Nd5 33. Qh7# 1-0